00954nam a22001937a 4500003000900000008004100009040007100050082002100121245008100142260003000223300004500253440004400298505031800342650001800660650001700678650001300695700002200708700003000730AR-CdUCM190429b ||||| |||| 00| 0 spa d aMUNICIPALIDAD PROVINCIAL DEL CUSCOcBIBLIOTECA MUNICIPAL DEL CUSCO aChaski/N°6/1986 aChaski :binformativo mensual peruano /cArnaldo Soriano Vásquez, director aRosario :bChaski,c1986. a12 páginas. :bilustraciones ;c30 cm. aChaski.nAño 1, N°6, noviembre 1986. aContenido: Perú con Alan García. Las Malvinas son argentinas. -- Historia del Cine peruano. César Figueroa. -- Tupac Amaru. Juan José Vega. -- Yawar Fiesta. Dante Molina del Castillo. -- Don Ignacio Álvarez Thomas militar y político peruano. Edilberto Bocángel. -- Cocina peruana un reto al paladar. aTúpac Amaru aCine peruano aSiglo XX aVega, Juan José aMolina del Castillo,Dante